000 01182cam a22002894a 4500
001 12429891
003 NUST-PNEC
005 20170116180731.0
008 010604s2002 maua b 001 0 eng
010 _a 2001034111
020 _a0201709163
040 _aDLC
_cPNEC
_dDLC
042 _apcc
050 0 0 _aQA76.73.J38
_bD84 2002
082 0 0 _a005.133 DUN
_221
100 1 _aDunn, Douglas,
_d1958-
245 1 0 _aJava rules /
_cDouglas Dunn.
260 _aBoston :
_bAddison-Wesley,
_cc2002.
300 _axxv, 690 p. :
_bill. ;
_c24 cm.
440 4 _aThe developMentor series
504 _aIncludes bibliographical references and index.
650 0 _aJava (Computer program language)
_xComputer, MIS
856 _uhttp://www.amazon.com/Java-Rules-Douglas-Dunn/dp/0201709163/ref=sr_1_1?s=books&ie=UTF8&qid=1415969418&sr=1-1&keywords=0201709163
906 _a7
_bcbc
_corignew
_d1
_eocip
_f20
_gy-gencatlg
942 _2ddc
_cBK
999 _c61786
_d61786